000 00713cam a22002173a 4500
001 42484
003 PGUSA
005 20140828083949.0
008 130408s2013||||xxu|||||s|||||000 | eng d
040 _aPGUSA
_beng
042 _adc
100 1 _aBallard, Edward,
_d1804-1870
245 1 4 _aThe Popham Colony :
_ba discussion of its historical claims, with a bibliography of the subject
_h[electronic resource] /
_cEdward Ballard
260 _bProject Gutenberg,
_c2013
506 _aPublic domain in the USA.
516 _aElectronic text
653 _aMaine -- History -- Colonial period, ca. 1600-1775
830 0 _aProject Gutenberg
_v42484
856 4 0 _uhttp://www.gutenberg.org/ebooks/42484
942 _cEB
999 _c271736
_d271736